[Event "Baden-ch 95th"]
[Site "Freiburg"]
[Date "2023.10.02"]
[Round "6"]
[White "Doll, Stefan"]
[Black "Scherer, Max"]
[Result "1/2-1/2"]
[WhiteElo "2101"]
[BlackElo "2152"]
[PlyCount "109"]
[EventDate "2023.09.30"]
[EventType "swiss"]
[EventRounds "7"]
[EventCountry "GER"]
[SourceTitle "EXT 2025"]
[Source "ChessBase"]
[SourceDate "2024.10.14"]
[SourceVersion "1"]
[SourceVersionDate "2024.10.14"]
[SourceQuality "1"]

1. e4 e6 2. d4 b6 3. Bd3 Bb7 4. Nc3 Bb4 5. Nge2 Nf6 6. 0-0 d5 7. e5 Nfd7 8. Nb1 Be7 9. c3 c5 10. Nd2 Nc6 11. a3 Qc7 12. b4 a5 13. b5 Na7 14. a4 0-0-0 15. Nf3 Rdg8 16. Ng5 Rf8 17. Nxh7 Rfg8 18. Ng5 Bxg5 19. Bxg5 f6 20. Bf4 g5 21. Bg3 f5 22. dxc5 Qxc5 23. Nd4 f4 24. Nxe6 Qe7 25. Nd4 Nxe5 26. Re1 Qf6 27. Bf5+ Kb8 28. Be6 Re8 29. Qe2 Nc4 30. Qf3 Nd2 31. Qd3 Ne4 32. f3 Nc5 33. Qf5 Qxf5 34. Bxf5 fxg3 35. Rxe8+ Rxe8 36. hxg3 Bc8 37. g4 Kc7 38. Kf2 Rh8 39. Kg3 Bd7 40. f4 gxf4+ 41. Kxf4 Nc8 42. g5 Ne7 43. g4 Rf8 44. Ke5 Nxf5 45. gxf5 Nd3+ 46. Kxd5 Bxf5 47. Nxf5 Rxf5+ 48. Ke4 Rxg5 49. Kxd3 Rg2 50. Rh1 Ra2 51. Rh7+ Kc8 52. c4 Rxa4 53. Kd4 Ra1 54. Kd5 Rg1 55. Rh8+ 1/2-1/2

[Event "Verbandsliga Suedbaden 2324"]
[Site "Baden"]
[Date "2023.09.24"]
[Round "1.4"]
[White "Pluvinage, Thomas"]
[Black "Scherer, Max"]
[Result "0-1"]
[WhiteElo "1959"]
[BlackElo "2152"]
[PlyCount "64"]
[EventDate "2023.09.24"]
[EventType "team-tourn"]
[EventRounds "9"]
[EventCountry "GER"]
[SourceTitle "EXT 2025"]
[Source "ChessBase"]
[SourceDate "2024.10.14"]
[SourceVersion "1"]
[SourceVersionDate "2024.10.14"]
[SourceQuality "1"]
[WhiteTeam "Sasbach"]
[BlackTeam "Dreisamtal"]
[WhiteTeamCountry "GER"]
[BlackTeamCountry "GER"]

1. Nf3 b6 2. g3 Bb7 3. Bg2 e6 4. 0-0 Be7 5. d3 h5 6. e4 h4 7. Nc3 d6 8. Ne1 Nd7 9. f4 hxg3 10. hxg3 Nh6 11. d4 f5 12. Qh5+ Nf7 13. Qe2 0-0 14. exf5 Bxg2 15. Kxg2 exf5 16. Qe6 Bf6 17. Qxf5 Bxd4 18. Rh1 Re8 19. Qh7+ Kf8 20. Bd2 Nf6 21. Qg6 Qe7 22. Nd3 c5 23. Rae1 Qb7+ 24. Kh2 c4 25. Nc1 Nh6 26. Rhf1 Nhg4+ 27. Kh3 Nf2+ 28. Kh4 Qg2 29. Rxf2 Bxf2 30. Rxe8+ Rxe8 31. N3e2 Qh1+ 32. Kg5 Qh3 0-1

[Event "Verbandsliga Suedbaden 2223"]
[Site "Germany"]
[Date "2023.05.07"]
[Round "9.5"]
[White "Kick, Joachim"]
[Black "Scherer, Max"]
[Result "1-0"]
[WhiteElo "2124"]
[BlackElo "2137"]
[PlyCount "61"]
[EventDate "2022.09.25"]
[EventType "team-tourn"]
[EventRounds "9"]
[EventCountry "GER"]
[SourceTitle "EXT 2024"]
[Source "ChessBase"]
[SourceDate "2023.10.10"]
[SourceVersion "1"]
[SourceVersionDate "2023.10.10"]
[SourceQuality "1"]
[WhiteTeam "Kuppenheim"]
[BlackTeam "Dreisamtal"]
[WhiteTeamCountry "GER"]
[BlackTeamCountry "GER"]

1. Nf3 c5 2. c4 b6 3. g3 Bb7 4. Bg2 g6 5. d4 cxd4 6. Qxd4 Nf6 7. Nc3 Bg7 8. 0-0 Nc6 9. Qf4 Rc8 10. Rd1 Na5 11. b3 b5 12. Bb2 bxc4 13. b4 Nh5 14. Qe3 Nc6 15. b5 Na5 16. Qxa7 0-0 17. Rac1 Nf6 18. Ba3 Ra8 19. Qe3 Re8 20. Bb4 d5 21. Qf4 Nh5 22. Qd2 e6 23. e4 Nf6 24. exd5 exd5 25. Nd4 Bf8 26. Bxf8 Rxf8 27. Nc2 Ne4 28. Qd4 Re8 29. Ne3 Nxc3 30. Rxc3 Qe7 31. Ng4 1-0

[Event "Verbandsliga Suedbaden 2223"]
[Site "Germany"]
[Date "2022.10.16"]
[Round "2.5"]
[White "Jaehn, Michael"]
[Black "Scherer, Max"]
[Result "0-1"]
[WhiteElo "2059"]
[BlackElo "2137"]
[PlyCount "90"]
[EventDate "2022.09.25"]
[EventType "team-tourn"]
[EventRounds "9"]
[EventCountry "GER"]
[SourceTitle "EXT 2024"]
[Source "ChessBase"]
[SourceDate "2023.10.10"]
[SourceVersion "1"]
[SourceVersionDate "2023.10.10"]
[SourceQuality "1"]
[WhiteTeam "Gottmadingen"]
[BlackTeam "Dreisamtal"]
[WhiteTeamCountry "GER"]
[BlackTeamCountry "GER"]

1. Nf3 b6 2. c4 Bb7 3. g3 Bxf3 4. exf3 c5 5. Bg2 Nc6 6. 0-0 g6 7. Nc3 Bg7 8. f4 e6 9. Re1 Nge7 10. d3 0-0 11. Bd2 Rc8 12. Rb1 d5 13. cxd5 exd5 14. Bh3 f5 15. Ne2 Rf7 16. Bc3 d4 17. Bd2 Nd5 18. Bg2 Rd7 19. a3 b5 20. Rc1 Nce7 21. Qb3 Qb6 22. Rc2 c4 23. Qa2 Rdc7 24. Nc1 Kf8 25. Bf1 c3 26. bxc3 dxc3 27. Be3 Nxe3 28. fxe3 a5 29. Bg2 b4 30. d4 Rb8 31. axb4 axb4 32. Nb3 Ra7 33. Qb1 Qd6 34. Ree2 Nd5 35. Kf2 Ra3 36. Ra2 Rba8 37. Rxa3 Rxa3 38. Qc2 Ne7 39. Bf3 Qe6 40. Nc5 Qc4 41. Qc1 Ra5 42. Qb1 Rxc5 43. dxc5 b3 44. Qd1 c2 45. Qd8+ Kf7 0-1

[Event "GER-CupT 2122 prel8"]
[Site "Landau"]
[Date "2022.03.26"]
[Round "1.2"]
[White "Scherer, Max"]
[Black "Bold, Andre"]
[Result "0-1"]
[WhiteElo "2152"]
[BlackElo "2132"]
[PlyCount "116"]
[EventDate "2022.03.26"]
[EventType "team-k.o."]
[EventRounds "2"]
[EventCountry "GER"]
[SourceTitle "EXT 2023"]
[Source "ChessBase"]
[SourceDate "2022.10.05"]
[SourceVersion "1"]
[SourceVersionDate "2022.10.05"]
[SourceQuality "1"]
[WhiteTeam "Dreisamtal"]
[BlackTeam "Landau"]
[WhiteTeamCountry "GER"]
[BlackTeamCountry "GER"]

1. c4 e5 2. g3 Nc6 3. Bg2 g6 4. Nc3 Bg7 5. e3 d6 6. Nge2 Nge7 7. 0-0 0-0 8. b3 Be6 9. d4 exd4 10. exd4 Bg4 11. h3 Bxe2 12. Nxe2 d5 13. Ba3 Re8 14. Rb1 Rb8 15. Rb2 a5 16. Nf4 Nb4 17. Re2 Nec6 18. Rxe8+ Qxe8 19. Bb2 dxc4 20. bxc4 Nxa2 21. Re1 Qd7 22. Qb3 Nab4 23. d5 Nd4 24. Qd1 Nf3+ 25. Qxf3 Bxb2 26. c5 Bd4 27. c6 bxc6 28. dxc6 Qf5 29. g4 Qf6 30. Qe4 Bb6 31. Re2 Rf8 32. Rd2 Rd8 33. Re2 Rd4 34. Qe8+ Kg7 35. Re4 Rxe4 36. Qxe4 Nxc6 37. g5 Qa1+ 38. Bf1 Qd4 39. Qf3 Nb4 40. h4 Qe5 41. Qg3 Kg8 42. Qf3 Bc5 43. Bc4 Qf5 44. Kg2 Bd6 45. Nd5 Qxf3+ 46. Kxf3 Nxd5 47. Bxd5 a4 48. Kg4 a3 49. f4 Kg7 50. f5 f6 51. Ba2 Bb4 52. Bb3 Be1 53. Ba2 gxf5+ 54. Kxf5 Bxh4 55. gxf6+ Bxf6 56. Bb1 h5 57. Ba2 h4 58. Kg4 Kf8 0-1

[Event "Verbandsliga Suedbaden 2122"]
[Site "Baden"]
[Date "2021.10.31"]
[Round "2.6"]
[White "Scherer, Max"]
[Black "Lutz, Andreas"]
[Result "1-0"]
[WhiteElo "2184"]
[BlackElo "2046"]
[PlyCount "105"]
[EventDate "2021.10.10"]
[EventType "team-tourn"]
[EventRounds "9"]
[EventCountry "GER"]
[SourceTitle "EXT 2023"]
[Source "ChessBase"]
[SourceDate "2022.10.05"]
[SourceVersion "1"]
[SourceVersionDate "2022.10.05"]
[SourceQuality "1"]
[WhiteTeam "Dreisamtal"]
[BlackTeam "Dreilaendereck"]
[WhiteTeamCountry "GER"]
[BlackTeamCountry "GER"]

1. c4 Nf6 2. g3 g6 3. Bg2 Bg7 4. Nc3 0-0 5. b4 d6 6. Ba3 Nbd7 7. Nf3 c5 8. bxc5 Qa5 9. Qa4 Qxa4 10. Nxa4 Ne4 11. Rc1 Nexc5 12. Nxc5 Nxc5 13. d4 Na4 14. e3 Rb8 15. Kd2 Bf5 16. Ne1 Rfc8 17. Nd3 Be6 18. c5 dxc5 19. Nxc5 Nxc5 20. Bxc5 Bf6 21. d5 Bxd5 22. Bxd5 Rd8 23. e4 e6 24. Bxa7 Ra8 25. Bb6 Rd7 26. Rc7 Rxa2+ 27. Ke3 Ra3+ 28. Ke2 Rxc7 29. Bxc7 exd5 30. exd5 Rc3 31. d6 Rc6 32. f4 g5 33. Rb1 gxf4 34. gxf4 Kf8 35. Rxb7 Ke8 36. Rb8+ Kd7 37. Rf8 Rc2+ 38. Kd1 Rc5 39. Rxf7+ Ke6 40. Rxh7 Rc4 41. Rh6 Kf5 42. Ke2 Re4+ 43. Kd3 Rd4+ 44. Kc2 Bg7 45. Rh5+ Ke4 46. Rh7 Bf6 47. Rf7 Bh4 48. Kb3 Kd5 49. Rh7 Bf6 50. Rh6 Ke6 51. Bd8 Rxf4 52. Rxf6+ Rxf6 53. Bxf6 1-0

[Event "Baden-ch"]
[Site "Sasbach"]
[Date "2018.07.27"]
[Round "4"]
[White "Ehmann, Thilo"]
[Black "Scherer, Max"]
[Result "1/2-1/2"]
[WhiteElo "2305"]
[BlackElo "2265"]
[PlyCount "151"]
[EventDate "2018.07.25"]
[EventType "swiss"]
[EventRounds "7"]
[EventCountry "GER"]
[SourceTitle "CBM 186 Extra"]
[Source "ChessBase"]
[SourceDate "2018.08.24"]
[SourceVersion "1"]
[SourceVersionDate "2018.08.24"]
[SourceQuality "1"]

1. e4 e6 2. d4 b6 3. Bd3 Bb7 4. Nf3 c5 5. c3 Nf6 6. e5 Nd5 7. dxc5 bxc5 8. 0-0 Be7 9. Qc2 Qc7 10. Na3 f5 11. Bg5 0-0 12. Bxe7 Nxe7 13. Nb5 Qb6 14. Be2 Ng6 15. Nd6 Nc6 16. Qb3 Rab8 17. Qxb6 axb6 18. Bb5 Ncxe5 19. Nxe5 Nxe5 20. Rfe1 Nf7 21. Rad1 Rfd8 22. Nxf7 Kxf7 23. Rd6 Bd5 24. c4 Be4 25. Red1 Ke7 26. Rxd7+ Rxd7 27. Rxd7+ Kf6 28. f3 Bb1 29. a3 f4 30. h4 Bf5 31. Kf2 h6 32. Rd2 g5 33. hxg5+ hxg5 34. b4 cxb4 35. axb4 g4 36. fxg4 Bxg4 37. Bc6 e5 38. g3 fxg3+ 39. Kxg3 Be6 40. Rc2 Rg8+ 41. Kf2 Rg4 42. c5 Rxb4 43. cxb6 Rxb6 44. Rc3 Rb2+ 45. Kg3 Rb4 46. Rf3+ Kg5 47. Re3 Rg4+ 48. Kf2 Kf6 49. Rf3+ Ke7 50. Re3 Kd6 51. Bf3 Rf4 52. Rd3+ Kc5 53. Ke3 Rf8 54. Ra3 Kb4 55. Ra6 Bc4 56. Rb6+ Ka5 57. Rh6 Bb3 58. Be4 Kb5 59. Rc6 Rh8 60. Rc7 Rh3+ 61. Kf2 Bc4 62. Re7 Rh5 63. Rc7 Rh4 64. Ke3 Rh3+ 65. Kf2 Kb4 66. Re7 Rh5 67. Rc7 Rh4 68. Ke3 Be6 69. Re7 Rh6 70. Rc7 Kb5 71. Bf3 Rh3 72. Re7 Bd5 73. Rxe5 Rxf3+ 74. Ke2 Kc4 75. Rxd5 Kxd5 76. Kxf3 1/2-1/2

[Event "Baden-ch"]
[Site "Sasbach"]
[Date "2018.07.25"]
[Round "1"]
[White "Scherer, Max"]
[Black "Schneider, Michael"]
[Result "1-0"]
[WhiteElo "2265"]
[BlackElo "2092"]
[PlyCount "63"]
[EventDate "2018.07.25"]
[EventType "swiss"]
[EventRounds "7"]
[EventCountry "GER"]
[SourceTitle "CBM 186 Extra"]
[Source "ChessBase"]
[SourceDate "2018.08.24"]
[SourceVersion "1"]
[SourceVersionDate "2018.08.24"]
[SourceQuality "1"]

1. c4 Nf6 2. g3 g6 3. Bg2 d5 4. cxd5 Nxd5 5. Nc3 Nb6 6. d4 Bg7 7. e3 0-0 8. Nge2 Nc6 9. 0-0 e5 10. d5 Ne7 11. b3 Nf5 12. a4 Nd6 13. Ba3 Re8 14. Rc1 Bg4 15. h3 Bxe2 16. Qxe2 f5 17. e4 fxe4 18. Nxe4 Nf5 19. Nc5 Nd4 20. Qe4 Rb8 21. Rfd1 Nc8 22. Ne6 Nxe6 23. dxe6 Nd6 24. Qd5 Kh8 25. Rxc7 Qxc7 26. Bxd6 Qd8 27. Bxb8 Qxd5 28. Rxd5 Rxb8 29. Rd7 a5 30. Bxb7 Bf6 31. Rf7 Kg8 32. Bd5 1-0

[Event "Oberliga Baden 1617"]
[Site "Baden"]
[Date "2016.12.04"]
[Round "3.7"]
[White "Strittmatter, Norbert"]
[Black "Scherer, Max"]
[Result "0-1"]
[WhiteElo "2106"]
[BlackElo "2193"]
[PlyCount "104"]
[EventDate "2016.10.16"]
[EventType "team-tourn"]
[EventRounds "9"]
[EventCountry "GER"]
[SourceTitle "EXT 2018"]
[Source "ChessBase"]
[SourceDate "2017.10.13"]
[SourceVersion "1"]
[SourceVersionDate "2017.10.13"]
[SourceQuality "1"]
[WhiteTeam "Waldshut Tiengen"]
[BlackTeam "Dreisamtal"]
[WhiteTeamCountry "GER"]
[BlackTeamCountry "GER"]

1. e4 e6 2. d3 c5 3. Nf3 Nc6 4. g3 b5 5. Bg2 Bb7 6. 0-0 Nf6 7. Re1 Be7 8. Nbd2 e5 9. Nf1 h6 10. c3 d6 11. Nh4 Qc7 12. Nf5 Bf8 13. Qf3 Qd8 14. Be3 g6 15. Nh4 Bg7 16. Rad1 Nh7 17. Qe2 Qe7 18. Nf3 a6 19. Qd2 Nf6 20. Qc2 Rc8 21. Nh4 Nd4 22. Bxd4 cxd4 23. Qb3 dxc3 24. bxc3 Qc7 25. Rc1 Nd7 26. Red1 0-0 27. Ne3 Nc5 28. Qa3 Qb6 29. Rb1 a5 30. Bf1 Bc6 31. Nc4 Qc7 32. Ne3 Rb8 33. Nf3 Rfd8 34. Nd2 Bf8 35. Nd5 Qa7 36. Qc1 Rdc8 37. Be2 Bxd5 38. exd5 Na4 39. Rb3 b4 40. c4 Nc3 41. Re1 Nxa2 42. Qb2 Nc3 43. Bf1 Na4 44. Qa1 Nc5 45. Rb2 a4 46. Reb1 Qa5 47. Ra2 Ra8 48. Qb2 Rcb8 49. f4 exf4 50. gxf4 Bg7 51. Qc1 b3 52. Raa1 Bxa1 0-1

[Event "Oberliga Baden 1516"]
[Site "Baden"]
[Date "2016.04.10"]
[Round "9.7"]
[White "Scherer, Max"]
[Black "Schlager, Thomas"]
[Result "0-1"]
[WhiteElo "2222"]
[BlackElo "2206"]
[PlyCount "148"]
[EventDate "2015.09.20"]
[EventType "team-tourn"]
[EventRounds "9"]
[EventCountry "GER"]
[SourceTitle "EXT 2018"]
[Source "ChessBase"]
[SourceDate "2017.10.13"]
[SourceVersion "1"]
[SourceVersionDate "2017.10.13"]
[SourceQuality "1"]
[WhiteTeam "Dreisamtal"]
[BlackTeam "Karlsruhe SF"]
[WhiteTeamCountry "GER"]
[BlackTeamCountry "GER"]

1. c4 e6 2. Nf3 d5 3. b3 Nf6 4. g3 Be7 5. Bg2 0-0 6. Bb2 c5 7. cxd5 Nxd5 8. Nc3 Bf6 9. Rc1 Nc6 10. 0-0 b6 11. Qc2 Bb7 12. Rfd1 Rc8 13. Qb1 Re8 14. h4 h6 15. d3 Nxc3 16. Bxc3 Bxc3 17. Rxc3 e5 18. e3 Rc7 19. a3 Ne7 20. Rc2 Nd5 21. e4 Nf6 22. Qa1 Qd6 23. b4 Ba6 24. Ne1 Nd7 25. Rb2 Nf8 26. b5 Bc8 27. Nc2 Bg4 28. f3 Bc8 29. Ne3 Qd4 30. Kf2 Ne6 31. Bh3 Nf4 32. Bf1 Ne6 33. a4 Rd7 34. a5 bxa5 35. Ra2 a6 36. b6 Rb7 37. Rb1 Qd8 38. Nc4 Nd4 39. Rxa5 Qf6 40. Bg2 Bg4 41. Ne3 Be6 42. Rxa6 Reb8 43. Qa5 Qe7 44. Nd5 Qd6 45. Ra8 Bxd5 46. exd5 Nc2 47. Rxb8+ Rxb8 48. Rc1 Nb4 49. Bf1 Nxd5 50. Rxc5 Nxb6 51. Rxe5 Qd4+ 52. Kg2 Nd7 53. Re2 Nf6 54. Qe5 Qb6 55. Qe3 Qd6 56. Qe5 Qb6 57. d4 Rd8 58. Rd2 Qb4 59. Qe2 Nd5 60. Qf2 Re8 61. Rd3 Qb1 62. Ra3 Qc1 63. Bb5 Re1 64. Ra8+ Kh7 65. Bd3+ g6 66. f4 Rd1 67. Be4 Ne3+ 68. Kf3 Rf1 69. h5 Rxf2+ 70. Kxf2 Ng4+ 71. Kg2 Qd2+ 72. Kh3 Nf2+ 73. Kh4 Nxe4 74. hxg6+ Kxg6 0-1

[Event "Oberliga Baden 1516"]
[Site "Baden"]
[Date "2015.12.13"]
[Round "4.8"]
[White "Scherer, Max"]
[Black "Schulz, Vladimir"]
[Result "0-1"]
[WhiteElo "2222"]
[BlackElo "2164"]
[PlyCount "90"]
[EventDate "2015.09.20"]
[EventType "team-tourn"]
[EventRounds "9"]
[EventCountry "GER"]
[SourceTitle "EXT 2018"]
[Source "ChessBase"]
[SourceDate "2017.10.13"]
[SourceVersion "1"]
[SourceVersionDate "2017.10.13"]
[SourceQuality "1"]
[WhiteTeam "Dreisamtal"]
[BlackTeam "Baden-Baden III"]
[WhiteTeamCountry "GER"]
[BlackTeamCountry "GER"]

1. c4 e6 2. Nf3 d5 3. b3 c5 4. cxd5 exd5 5. d4 Nc6 6. e3 Bg4 7. Be2 Bxf3 8. Bxf3 cxd4 9. exd4 Bb4+ 10. Bd2 Qe7+ 11. Qe2 Nxd4 12. Bxb4 Qxe2+ 13. Bxe2 Nc2+ 14. Kd2 Nxb4 15. Bb5+ Nc6 16. Re1+ Nge7 17. Nc3 0-0 18. Rac1 a6 19. Bd3 Rfd8 20. Na4 b5 21. Nc5 Kf8 22. Re3 h6 23. Rce1 Rd6 24. a4 bxa4 25. bxa4 a5 26. g4 Ng6 27. Bf5 Nce7 28. Nd7+ Kg8 29. Rxe7 Nxe7 30. Rxe7 g6 31. Bd3 Kg7 32. f4 Ra7 33. Bb5 Rc7 34. f5 gxf5 35. gxf5 d4 36. Kd3 Rc3+ 37. Ke4 Re3+ 38. Kf4 Rxe7 39. f6+ Rxf6+ 40. Nxf6 Kxf6 41. h3 Re1 42. Bc4 Rh1 43. Ke4 Rxh3 44. Kxd4 Rh4+ 45. Kc5 Rxc4+ 0-1

[Event "GER-ch 86th"]
[Site "Saarbruecken"]
[Date "2015.12.10"]
[Round "8"]
[White "Riegler, Dieter"]
[Black "Scherer, Max"]
[Result "1-0"]
[WhiteElo "2075"]
[BlackElo "2236"]
[PlyCount "67"]
[EventDate "2015.12.03"]
[EventType "swiss"]
[EventRounds "9"]
[EventCountry "GER"]
[SourceTitle "CBM 169 Extra"]
[Source "ChessBase"]
[SourceDate "2015.12.18"]
[SourceVersion "1"]
[SourceVersionDate "2015.12.18"]
[SourceQuality "1"]

1. d4 b6 2. c4 e6 3. a3 Bb7 4. Nc3 f5 5. d5 a5 6. Nf3 Na6 7. g3 Nf6 8. Bg2 Nc5 9. 0-0 Be7 10. Bf4 0-0 11. Nb5 Ne8 12. Nxc7 Nxc7 13. d6 Ne8 14. dxe7 Qxe7 15. b4 Ne4 16. Qb3 d6 17. Be3 a4 18. Qb2 g5 19. Nxg5 Nxg5 20. Bxg5 Qxg5 21. Bxb7 Ra7 22. Bg2 f4 23. Qd4 Qd8 24. Rad1 Rc7 25. gxf4 Qc8 26. Rd3 Rxc4 27. Rg3+ Kf7 28. Qxb6 Rxf4 29. Qa7+ Qc7 30. Qxa4 Nf6 31. Qb3 d5 32. Qb2 Rc8 33. a4 Qb6 34. Rc3 1-0

[Event "GER-ch 86th"]
[Site "Saarbruecken"]
[Date "2015.12.09"]
[Round "7"]
[White "Weber, Max"]
[Black "Scherer, Max"]
[Result "1/2-1/2"]
[WhiteElo "2160"]
[BlackElo "2236"]
[PlyCount "97"]
[EventDate "2015.12.03"]
[EventType "swiss"]
[EventRounds "9"]
[EventCountry "GER"]
[SourceTitle "CBM 169 Extra"]
[Source "ChessBase"]
[SourceDate "2015.12.18"]
[SourceVersion "1"]
[SourceVersionDate "2015.12.18"]
[SourceQuality "1"]

1. d4 b6 2. e4 e6 3. Bd3 Bb7 4. Ne2 c5 5. c3 Nf6 6. Nd2 Nc6 7. 0-0 Qc7 8. a3 d5 9. e5 Nd7 10. f4 g6 11. Nf3 h6 12. Be3 0-0-0 13. b4 c4 14. Bc2 a6 15. Kf2 Ne7 16. Ke1 Bg7 17. Kd2 f5 18. exf6 Nxf6 19. Ne5 Nf5 20. Nxg6 Rhg8 21. Bxf5 exf5 22. Ng3 Kb8 23. Ne5 Rdf8 24. Kc2 Ne8 25. Qh5 Nd6 26. Bd2 Bc6 27. a4 Be8 28. Qf3 Qb7 29. a5 b5 30. Rae1 Bf6 31. Re2 Bh4 32. Nh1 Ne4 33. Qh3 Bd8 34. Nf2 h5 35. Nxe4 dxe4 36. Be1 Be7 37. Bh4 Bd6 38. Qe3 Qd5 39. g3 Rg7 40. Rd2 Kc8 41. Rg1 Rfg8 42. h3 Bd7 43. Bg5 Be6 44. Bf6 Rh7 45. Rdg2 Bxe5 46. fxe5 Bd7 47. Bh4 Rhg7 48. Qh6 Rg6 49. Qf4 1/2-1/2

[Event "GER-ch 86th"]
[Site "Saarbruecken"]
[Date "2015.12.08"]
[Round "6"]
[White "Scherer, Max"]
[Black "Margraf, Daniel"]
[Result "0-1"]
[WhiteElo "2236"]
[BlackElo "2277"]
[PlyCount "132"]
[EventDate "2015.12.03"]
[EventType "swiss"]
[EventRounds "9"]
[EventCountry "GER"]
[SourceTitle "CBM 169 Extra"]
[Source "ChessBase"]
[SourceDate "2015.12.18"]
[SourceVersion "1"]
[SourceVersionDate "2015.12.18"]
[SourceQuality "1"]

1. c4 e5 2. g3 Nc6 3. Bg2 g6 4. Nc3 Bg7 5. Nf3 d6 6. d3 Nge7 7. e4 0-0 8. Be3 Nd4 9. Bxd4 exd4 10. Ne2 Nc6 11. h3 a5 12. 0-0 a4 13. Nf4 a3 14. b3 Nb4 15. Qd2 c5 16. Nd5 Nxd5 17. cxd5 b5 18. b4 Qb6 19. Rfc1 Bd7 20. e5 c4 21. dxc4 bxc4 22. Rxc4 dxe5 23. Ne1 Rfe8 24. Nd3 Bb5 25. Rc5 e4 26. Nf4 e3 27. Qd1 e2 28. Qd2 d3 29. Re1 Bd4 30. Nxd3 Bxd3 31. Qxd3 Bxc5 32. bxc5 Qxc5 33. d6 Rad8 34. d7 Re7 35. Rxe2 Rdxd7 36. Qf3 Rxe2 37. Qxe2 Re7 38. Qd2 Qe5 39. Bf3 Qe1+ 40. Qxe1 Rxe1+ 41. Kg2 Kg7 42. h4 f5 43. Bd5 Kf6 44. Kf3 Rd1 45. Bc4 Ke5 46. Bg8 h6 47. Bf7 Rd2 48. Ke3 Rc2 49. f4+ Kd6 50. Kf3 Kc5 51. Ke3 Rc3+ 52. Kf2 Kd4 53. Bxg6 Rc2+ 54. Kf3 Rxa2 55. Bxf5 Rf2+ 56. Kxf2 a2 57. Bg6 a1Q 58. h5 Qh1 59. Bf7 Kd3 60. Bg6+ Kd2 61. f5 Qh2+ 62. Kf3 Qe2+ 63. Kf4 Qe3+ 64. Kg4 Ke2 65. f6 Qg5+ 66. Kh3 Kf2 0-1

[Event "GER-ch 86th"]
[Site "Saarbruecken"]
[Date "2015.12.05"]
[Round "3"]
[White "Zuferi, Enis"]
[Black "Scherer, Max"]
[Result "0-1"]
[WhiteElo "2210"]
[BlackElo "2236"]
[PlyCount "84"]
[EventDate "2015.12.03"]
[EventType "swiss"]
[EventRounds "9"]
[EventCountry "GER"]
[SourceTitle "CBM 169 Extra"]
[Source "ChessBase"]
[SourceDate "2015.12.18"]
[SourceVersion "1"]
[SourceVersionDate "2015.12.18"]
[SourceQuality "1"]

1. d4 e6 2. e4 b6 3. c4 Bb7 4. Bd3 g6 5. Ne2 Bg7 6. Nbc3 Ne7 7. h4 d6 8. h5 Nd7 9. Bg5 a6 10. Qd2 c5 11. d5 e5 12. g3 h6 13. Be3 g5 14. f4 f6 15. 0-0-0 0-0 16. Rdg1 b5 17. Nd1 bxc4 18. Bc2 a5 19. Rh2 a4 20. a3 c3 21. Ndxc3 Nb6 22. Bd3 Ba6 23. Rhg2 Qc8 24. fxg5 fxg5 25. Bxg5 hxg5 26. Bxa6 Rxa6 27. Qxg5 Rf6 28. h6 Rg6 29. h7+ Kf7 30. Rf1+ Bf6 31. Qh5 Kg7 32. Rh2 Ra8 33. Nb5 Nc4 34. Nc7 Rb8 35. h8Q+ Qxh8 36. Ne6+ Kg8 37. Qf3 Qxh2 38. Rh1 Rxg3 39. Qxg3+ Qxg3 40. Nxg3 Rxb2 41. Nh5 Rf2 42. Rg1+ Kf7 0-1

[Event "GER-ch 86th"]
[Site "Saarbruecken"]
[Date "2015.12.03"]
[Round "1"]
[White "Carow, Johannes"]
[Black "Scherer, Max"]
[Result "1-0"]
[WhiteElo "2431"]
[BlackElo "2236"]
[PlyCount "79"]
[EventDate "2015.12.03"]
[EventType "swiss"]
[EventRounds "9"]
[EventCountry "GER"]
[SourceTitle "CBM 169 Extra"]
[Source "ChessBase"]
[SourceDate "2015.12.18"]
[SourceVersion "1"]
[SourceVersionDate "2015.12.18"]
[SourceQuality "1"]

1. d4 e6 2. Nf3 c5 3. e3 Nf6 4. Bd3 Nc6 5. 0-0 b6 6. c4 Bb7 7. Nc3 cxd4 8. exd4 d5 9. cxd5 Nxd5 10. Re1 Be7 11. a3 0-0 12. Bc2 Rc8 13. Qd3 g6 14. Bh6 Re8 15. Rad1 Nxc3 16. bxc3 Bxa3 17. Ng5 Be7 18. Qg3 Nb4 19. Nxe6 Qd7 20. Bf5 Bd6 21. Qg4 Qc6 22. cxb4 Qd5 23. Be4 Qxe6 24. Qxe6 fxe6 25. Bxb7 Rc7 26. Bd5 Rce7 27. Bc6 Bxb4 28. Re4 Rc8 29. d5 Bd6 30. Bg5 Rec7 31. Rxe6 Bf8 32. g3 h6 33. Bf4 Rg7 34. Be5 Rf7 35. Rxg6+ Kh7 36. Rf6 Rxf6 37. Bxf6 Bd6 38. Bd4 Rb8 39. Re1 a5 40. Re8 1-0

[Event "Oberliga Baden 1415"]
[Site "Baden"]
[Date "2015.04.12"]
[Round "9.4"]
[White "Friedrich, Norbert"]
[Black "Scherer, Max"]
[Result "1/2-1/2"]
[WhiteElo "2320"]
[BlackElo "2279"]
[PlyCount "114"]
[EventDate "2014.09.21"]
[EventType "team-tourn"]
[EventRounds "9"]
[EventCountry "GER"]
[SourceTitle "EXT 2016"]
[Source "ChessBase"]
[SourceDate "2015.10.08"]
[SourceVersion "1"]
[SourceVersionDate "2015.10.08"]
[SourceQuality "1"]
[WhiteTeam "Waldshut Tiengen"]
[BlackTeam "Dreisamtal"]
[WhiteTeamCountry "GER"]
[BlackTeamCountry "GER"]

1. e4 e5 2. Nf3 Nc6 3. Bb5 a6 4. Ba4 Nf6 5. 0-0 b5 6. Bb3 Be7 7. d3 Bb7 8. Nc3 d6 9. a3 0-0 10. Re1 Na5 11. Ba2 c5 12. Bg5 Nc6 13. Bxf6 Bxf6 14. Nd5 Nd4 15. c3 Ne6 16. a4 g6 17. g3 Bg7 18. h4 Kh8 19. h5 Bc6 20. Bb3 f5 21. axb5 axb5 22. Rxa8 Bxa8 23. hxg6 c4 24. dxc4 fxe4 25. Rxe4 Nc5 26. Bc2 h6 27. Rh4 bxc4 28. Rxc4 e4 29. Bxe4 Nxe4 30. Rxe4 Rxf3 31. Qxf3 Bxd5 32. Qe3 Bxe4 33. Qxe4 d5 34. Qe6 Qg8 35. Qd6 Bf8 36. Qe5+ Bg7 37. Qd6 Qa8 38. Qd7 Qg8 39. Qd6 Qe8 40. Kf1 Bf8 41. Qxd5 Qxg6 42. Kg2 Qc2 43. Qe6 Qxb2 44. Qf6+ Bg7 45. Qd8+ Kh7 46. Qd3+ Kh8 47. Qd8+ Kh7 48. Qd3+ Kg8 49. Qd5+ Kf8 50. Qd8+ Kf7 51. Qd7+ Kg6 52. Qg4+ Kh7 53. Qe4+ Kg8 54. Qe8+ Bf8 55. Qg6+ Kh8 56. Qf6+ Bg7 57. Qd8+ Kh7 1/2-1/2